Normal view
MARC view
- Yawar Hayat
Entry Personal Name
001 - CONTROL NUMBER
- control field: 12706
003 - CONTROL NUMBER IDENTIFIER
- control field: NUST
005 - DATE AND TIME OF LATEST TRANSACTION
- control field: 20181219054715.0
008 - FIXED-LENGTH DATA ELEMENTS
- fixed length control field: 181219|| aca||aabn | a|a d
040 ## - CATALOGING SOURCE
- Original cataloging agency: NUST
- Transcribing agency: NUST
100 ## - HEADING--PERSONAL NAME
- Personal name: Yawar Hayat
670 ## - SOURCE DATA FOUND
- Source citation: Work cat.: (NUST): Yawar Hayat, Thesis: Computational Modeling and Analysis of Non-Small Cell Lung Cancer (NSCLC) Pathway Using Static Analysis Approach to Identify Potential Biomarkers and Drug Targets /, Oct,2018
